Welcome to CU Library Online Public Access Catalogue (OPAC)

Whose Reality Counts? (Record no. 8997)

MARC details
000 -LEADER
fixed length control field 00440nam a22001577a 4500
005 - DATE AND TIME OF LATEST TRANSACTION
control field 20260312184121.0
008 - FIXED-LENGTH DATA ELEMENTS--GENERAL INFORMATION
fixed length control field 260312b |||||||| |||| 00| 0 eng d
020 ## - INTERNATIONAL STANDARD BOOK NUMBER
International Standard Book Number 1853395811
020 ## - INTERNATIONAL STANDARD BOOK NUMBER
International Standard Book Number 9781853395819
050 ## - LIBRARY OF CONGRESS CALL NUMBER
Classification number HN980
Item number .C49 CHA
100 ## - MAIN ENTRY--PERSONAL NAME
Personal name Chambers Robert
245 ## - TITLE STATEMENT
Title Whose Reality Counts?
Remainder of title Putting the First last/
Statement of responsibility, etc. Robert Chambers
260 ## - PUBLICATION, DISTRIBUTION, ETC.
Place of publication, distribution, etc. London
Name of publisher, distributor, etc. ITDG Publishing
Date of publication, distribution, etc. 1997
500 ## - GENERAL NOTE
General note Includes Index
942 ## - ADDED ENTRY ELEMENTS (KOHA)
Source of classification or shelving scheme Library of Congress Classification
Koha item type Books
Suppress in OPAC No
999 ## -
-- 8997
-- 8997

No items available.

© 2023-2024 Copyright: Central University Libraries. All Rights Reserved | Created by: Mahone Tech Office